00311nam a2200121Ia 45000030006000000080041000060400015000471000026000622450040000882600032001285460012001600050017001720STCL150530s9999 xx 000 0 und d aSTCLcSTCL aReserve Bank of India aReserve Bank of India annual report bReserve Bank of Indiac1965 aEnglish20220125165532.0